000
00274nam a22001097a 4500
008
230703b xxu||||| |||| 00| 0 eng d
082
_a
342.438
_b
POL 1988
245
_a
Constitution of the Polish People's Republic
260
_b
Warsaw
_c
1988
300
_a
50p
942
_2
ddc
_c
BK
999
_c
3534
_d
3534